Usool falsafa-e-hunood (Record no. 406999)

MARC details
000 -LEADER
fixed length control field 00722nam a2200253Ia 4500
003 - CONTROL NUMBER IDENTIFIER
control field OSt
005 - DATE AND TIME OF LATEST TRANSACTION
control field 20220924121334.0
008 - FIXED-LENGTH DATA ELEMENTS--GENERAL INFORMATION
fixed length control field 220923b |||||||| |||| 00| 0 urd d
037 ## - SOURCE OF ACQUISITION
Terms of availability Textual
040 ## - CATALOGING SOURCE
Original cataloging agency ARTS
Transcribing agency ARTS
Language of cataloging urd
041 ## - LANGUAGE CODE
Source of code urd
Language code of text/sound track or separate title urd
100 ## - MAIN ENTRY--PERSONAL NAME
Personal name Iyengar P.T.Srinivasa Au.
9 (RLIN) 185372
245 #0 - TITLE STATEMENT
Title Usool falsafa-e-hunood
260 ## - PUBLICATION, DISTRIBUTION, ETC.
Place of publication, distribution, etc. Hyderabad
Name of publisher, distributor, etc. Jamia Usmania India
Date of publication, distribution, etc. 1932
300 ## - PHYSICAL DESCRIPTION
Extent 213p.
Dimensions cm.
650 ## - SUBJECT ADDED ENTRY--TOPICAL TERM
Topical term or geographic name entry element HINDU PHILOSOPHY
9 (RLIN) 37945
700 ## - ADDED ENTRY--PERSONAL NAME
Personal name Ahmad Ahsan Tr.
9 (RLIN) 185373
942 ## - ADDED ENTRY ELEMENTS (KOHA)
Classification part R61, 168G2
Koha item type Textual
Source of classification or shelving scheme Colon Classification (CC)
Holdings
Withdrawn status Lost status Damaged status Not for loan Home library Current library Date acquired Total Checkouts Full call number Barcode Date last seen Price effective from Koha item type
        Arts Library Arts Library 2022-09-24   R61 168G2 AL0014310 2022-09-24 2022-09-24 Textual
Copyright @ Delhi University Library System